Štrukturálne zisťovanie fariem 2016 - komplexné výsledky

Na minha lista:
Detalhes bibliográficos
Formato: Livro
Idioma:eslovaco
inglês
Publicado em: Bratislava Štatistický úrad Slovenskej republiky 2018
Colecção:Odvetvové štatistiky
Assuntos:
Tags: Adicionar Tag
Sem tags, seja o primeiro a adicionar uma tag!

MARC

LEADER 00000nlm$a2200000$$$4500
001 0242640
005 20240827080659.6
020 |a 978-80-8121-677-0 
041 0 |a slo 
041 0 |a eng 
044 |a SK 
245 1 0 |a Štrukturálne zisťovanie fariem 2016 - komplexné výsledky 
264 1 |a Bratislava  |b Štatistický úrad Slovenskej republiky  |c 2018 
300 |a 128 s. 
490 1 |a Odvetvové štatistiky 
830 0 |a Odvetvové štatistiky 
500 |a Zdroj dokumentu: Štatistický úrad SR 
610 2 0 |a farmy 
610 2 0 |a pôda poľnohospodárska 
610 2 0 |a plodiny poľnohospodárske 
610 2 0 |a zvieratá 
610 2 0 |a sily pracovné 
610 2 0 |a ekológia 
610 2 0 |a kraje 
610 2 0 |a Slovensko